000
00331nam a2200133Ia 4500
008
100328s9999 xx 000 0 und d
082
_b
40748
100
_a
नांगरे बलराम
245
_a
अंतर
260
_b
ग.रा.पाठक
630
_a
अंतर
730
_a
अंतर
942
_c
BOOK
999
_c
529456
_d
529453